000 00560nam a22001697a 4500
003 OSt
005 20171010095516.0
008 120814t xxu||||| |||| 00| 0 eng d
040 _aMMSU
_cULS
100 _aBareng, Rudy P.
_912161
245 _aFuelwood demand and supply analysis: a tool for policy making
_cRudy P. Bareng
260 _c2001
300 _axvi, 150 leves
_c28 cm.
500 _aThesis (Ph.D.-Rural Development) --Mariano Marcos State University-Graduate School, Laoag City
504 _aBibliography: leaves 121-124
942 _2ddc
_cTHEDIS
999 _c9734
_d9734